000 00665nam a2200241 i 4500
001 C2-0071745
003 PPAK
005 20190630222201.0
008 970429s1984 my a|||| ||||| | may d
020 _a9679391841
040 _aPPAK
_beng
_cPPAK
_erda
082 0 4 _a499.2386
_223
090 0 0 _a499.2386
_bCHI
_dK
100 1 _aChia, Hearn Chek,
_eauthor
245 1 0 _aPakaian
264 1 _aKuala Lumpur :
_bDewan Bahasa dan Pustaka ,
_c1984
300 _a23 pages :
_bcolour illustrations ;
_c20 cm
336 _2rdacontent
_atext
337 _2rdamedia
_aunmediated
338 _2rdacarrier
_avolume
650 1 0 _aBahasa Melayu - Vocabulary
942 _ddc
_cB
999 _c8992
_d8992